000 00638nam a2200193Ia 4500
003 GCL
008 140319s9999 xx 000 0 ara d
040 _aGCL /
_cGCL
082 0 4 _a658.049
_bن ا
100 1 _aنادية الهادى (مراجعة)
245 1 0 _aالادارة الدولية تحدى التقدم الادارى للدول النامية /
_cنادية الهادى (مراجعة)
300 _a379 ص
490 _a100 قصة
_v0
650 0 4 _aالادارة
650 0 4 _aالمنظمات الدولية
650 0 4 _aالادارة الدولية
650 0 4 _aالشركات الدولية
942 _2ddc
_cBK
999 _c45833
_d45833